00281nam a2200109Ia 4500008004100000082001200041100002100053245004200074250002500116260000900141300002100150190415s9999 xx 000 0 und d aTR.0097 aRavichandran, R. 0aDravidar Kazhagam : A political study aUniversity of Madras c1982 a260p. + C D - 51